000 00547nam a22000977a 4500
008 211118b ||||| |||| 00| 0 eng d
100 _aJohl, Max G
245 _aThe United States commemorative stamps of the twentieth century
_bvol.2
260 _aNew York, N.Y.
_bH.L. Lindquist
_c1947
650 _aUnited States | Commemorative Issues | 1901-1947 | 20th Century | Postal History | Stamps -- Histories | Production | Errors and Varieties | Plates and Plating | Plate Blocks and Numbers | Designs | Designs -- Unaccepted | Postal Markings | Machine Cancels
999 _c3216
_d3216